Statistics for Good Enough - Little Mix - All Lyrics

Click here to take the quiz!

General Stats

  • This quiz has been taken 20 times
  • The average score is 199 of 253

Answer Stats

Answer% Correct
I
100%
so
100%
the
100%
Am
94%
am
94%
enough
94%
enough?
94%
for
94%
good
94%
I'm
94%
me
94%
no
94%
not
94%
that
94%
you
94%
You
94%
and
88%
And
88%
in
88%
is
88%
know
88%
life
88%
love
88%
much?
88%
my
88%
never
88%
to
88%
Your
88%
your
88%
be
81%
But
81%
'cause
81%
it
81%
now
81%
Oh,
81%
out
81%
Sorry
81%
sorry
81%
sorry,
81%
still
81%
way
81%
worth
81%
can
75%
Guess
75%
like
75%
smile
75%
this
75%
turned
75%
wearing
75%
win
75%
you're
75%
all
69%
diamond
69%
dust
69%
if
69%
left
69%
nothing
69%
past
69%
that's
69%
these
69%
are
63%
clearly
63%
future
63%
lost
63%
scars
63%
Seems
63%
thin
63%
want
63%
best,
56%
compared
56%
Couldn't
56%
disappeared
56%
light
56%
Release
56%
somebody
56%
tried
56%
Wouldn't
56%
curse,
50%
Does
50%
else
50%
found
50%
give
50%
hide
50%
inside
50%
longer
50%
need
50%
notice
50%
shut
50%
behind
44%
change
44%
hurt,
44%
look
44%
myself
44%
pain?
44%
saved
44%
stole
44%
Those
44%
used
44%
watched
44%
yet
44%
back,
38%
don't
38%
Don't
38%
flame?
38%
God
38%
gone,
38%
knowing
38%
made
38%
Thank
38%
wounds
38%
ain't
31%
burn,
31%
fuel
31%
regrets
31%
seen
31%
wore
31%

Score Distribution

Percentile by Number Answered

Percent of People with Each Score

Your Score History

You have not taken this quiz